Estudio de Pre factibilidad para la instalación de una nueva sucursal de comercialización de repostería YADICKSA ubicada en el distrito IV de Managua

Presenta un estudio de pre factibilidad para la instalación de una nueva sucursal de comercialización de repostería YADICKSA ubicada en el municipio de Managua. Estable ce los requisitos técnicos, organizacionales, legales y económicos para la nueva sucursal de repostería. Evalúa el financiam...

Full description

Bibliographic Details
Main Authors: Aguilera Gómez, Cynthia Isabel, Gutiérrez Moya, Hiannad Fabiola, Sáenz, Tania Lisseth
Other Authors: Tutor: Ramírez Velásquez, Wilmer José
Format: Tesis Section = Libro
Language:Undetermined
Spanish
Published: Managua UNI 2015
Subjects:
LEADER 01454nam a2200289Ia 4500
008 240830s9999 xx 000 0 und d
040 |a BIBLIOTECA-RUPAP Mon 658.11 A283 
041 |a spa 
082 |a Mon 658.11 A283 
100 1 |a Aguilera Gómez, Cynthia Isabel 
100 1 |b  Gutiérrez Moya, Hiannad Fabiola 
100 1 |c  Sáenz, Tania Lisseth 
245 1 0 |a Estudio de Pre factibilidad para la instalación de una nueva sucursal de comercialización de repostería YADICKSA ubicada en el distrito IV de Managua 
260 |a Managua  |b UNI  |c 2015 
300 |a 190 p. :il. 
500 |a Contiene: anexos y CD. 
502 |a Tesis (Ingeniero Industrial)- UNI, 2015. 
520 3 |a Presenta un estudio de pre factibilidad para la instalación de una nueva sucursal de comercialización de repostería YADICKSA ubicada en el municipio de Managua. Estable ce los requisitos técnicos, organizacionales, legales y económicos para la nueva sucursal de repostería. Evalúa el financiamiento del proyecto consistente en la tasa mínima de rendimiento, indicadores de rentabilidad y sensibilidad financiera de la nueva sucursal de repostería. 
650 7 |a NUEVAS EMPRESAS-PROYECTOS 
650 7 |b ESTUDIO DE FACTIBILIDAD 
650 7 |c ESTUDIO DE MERCADO 
650 7 |d ESTUDIO ORGANIZACIONAL 
650 7 |e ESTUDIO FINANCIERO 
700 1 |a Tutor:  |b Ramírez Velásquez, Wilmer José 
942 |c BK  |2 ddc 
991 |a TESIS 
999 |c 16837